Global business today / (Record no. 100008)

MARC details
000 -LEADER
fixed length control field 00847nam a22002657a 4500
005 - DATE AND TIME OF LATEST TRANSACTION
control field 20160520122118.0
010 ## - LCCN (DPL NO)
LC control number ENG-115117
020 ## - INTERNATIONAL STANDARD BOOK NUMBER
International Standard Book Number 9789352601868
Terms of availability 725.00
020 ## - INTERNATIONAL STANDARD BOOK NUMBER
International Standard Book Number 9352601866
Terms of availability 725.00
035 ## - SYSTEM CONTROL NUMBER
System control number EN-98649
037 ## - SOURCE OF ACQUISITION
Source of stock number/acquisition DBAD/PUB
082 ## - DEWEY DECIMAL CLASSIFICATION NUMBER
Classification number 658.049
100 ## - MAIN ENTRY--PERSONAL NAME
Personal name Hill, Charles W.L.
245 ## - TITLE STATEMENT
Title Global business today /
Statement of responsibility, etc by Charles W. L. Hill
250 ## - EDITION STATEMENT
Edition statement 8th ed
260 ## - PUBLICATION, DISTRIBUTION, ETC. (IMPRINT)
Place of publication, distribution, etc New Delhi
Name of publisher, distributor, etc McGraw Hill Education
Date of publication, distribution, etc 2016
270 ## - ADDRESS
Address P-24, Green Park Extension
City New Delhi
Postal code 110016
300 ## - PHYSICAL DESCRIPTION
Extent xxviii,543p. :
Dimensions 28cm(pbk)
Other physical details ill.,map
500 ## - GENERAL NOTE
General note Includes bibliographical references and indexes
650 ## - SUBJECT ADDED ENTRY--TOPICAL TERM
Topical term or geographic name as entry element International business enterprises
General subdivision Management.
650 ## - SUBJECT ADDED ENTRY--TOPICAL TERM
Topical term or geographic name as entry element International trade.
650 ## - SUBJECT ADDED ENTRY--TOPICAL TERM
Topical term or geographic name as entry element Investments, Foreign.
650 ## - SUBJECT ADDED ENTRY--TOPICAL TERM
Topical term or geographic name as entry element Capital market.
942 ## - ADDED ENTRY ELEMENTS (KOHA)
Source of classification or shelving scheme Dewey Decimal Classification
Item type English Books
Call number suffix HIL
Classification part 658.049
Holdings
Withdrawn status Lost status Not for loan Collection code Home library Current library Date acquired Source of acquisition Cost, normal purchase price Full call number Barcode Copy number Cost, replacement price Koha item type
      Non-fiction Patel Nagar Patel Nagar 19/05/2016 DBAD/PUB 725.00 658.049 HIL EN-98649 1 725.00 English Books

© Delhi Public Library
Hit Counter
free hit counter